000 003870000a22001450004500
041 0 _aSPA
082 0 4 _aG 923 S5443e
100 1 _aSheldon, Carlos M. (Monroe) (1857-1946)
245 1 0 _aEn sus pasos ¿Qué haría Jesús? / Carlos M. Sheldon ; Daniel Hall, Traductor
250 _a5
260 _aBuenos Aires, Argentina : La Aurora
300 _a218 Pag
001 11566
942 _cBK
999 _c40815
_d40815